000 00673nam a2200241Ia 4500
005 20260430150549.0
008 008 250103s9999 xx 000 0 eng d
037 _aTheses
040 _aCRL
040 _beng
040 _ceng
041 _2eng
041 _aeng
084 _qCRL
100 _aSaini Rimpy Au.; Roy Sumalay Gu.
_91237867
245 0 _aThin Films of Bismuth and Bismuth Stearate: Synthesis, Structure and Optical Properties
260 _c2024
300 _a90p.
650 _aAstrology; Physics
700 _aUniversity of Delhi. Faculty of Science. Deptt. of Physics & Astrophysics
_91237110
942 _cTH
999 _c1850088
_d1850088